Palaeographie /

محفوظ في:

المؤلف الرئيسي: Schubart, Wilhelm, 1873-1960.

التنسيق: كتاب

اللغة: German

منشور في: München : C. H. Beck, 1925-

سلاسل: Handbuch der Altertumswissenschaft 1. Abt., 4. T.

الموضوعات:

الوسوم: إضافة وسم

لا توجد وسوم, كن أول من يضع وسما على هذه التسجيلة!

رقم الطلب: Z114 .S38 v.1

LEADER 00708nam a22002297a 4500
003 OSt
005 20251201094621.0
008 251201t19259999gw a 000 0 ger d
040 |c ARCE Library 
050 1 4 |a Z114  |b .S38 v.1 
100 1 |a Schubart, Wilhelm,   |d 1873-1960. 
245 1 0 |a Palaeographie /   |c von Wilhelm Schubart. 
246 3 |a Palaeographie : Griechische Palaeographie. 
264 1 |a München :   |b C. H. Beck,   |c 1925- 
300 |a v. <1> :   |b ill. ;   |c 25 cm. 
490 0 |a Handbuch der Altertumswissenschaft 1. Abt., 4. T. 
504 |a "Literatur": v.1, p. [1]-4. 
505 1 |a 1. Bd. Griechische Palaeographie. 
650 0 |a Paleography. 
901 |a reviewed 
942 |2 lcc  |c BK 
999 |c 49533  |d 49533